000 00904nac a22002897a 4500
001 BR0003799
003 BR-BrBNA
005 20240105122451.0
008 230509b bl.|||m| |||| 00| 0 por d
040 _aBR-BrBNA
_bpor
_cBiblioteca Nacional de Agricultura
072 _aF01
090 _a2790 BR0003799
100 1 _aBlanco, M.C.S.G.
110 1 _aCoordenadoria de Assistencia Tecnica Integral, Campinas, SP (Brasil)
245 1 _aCultivo comunitario de plantas medicinais
260 3 _aCampinas, SP (Brasil):
_c2000.
300 _a36 p.
490 _aInstrucoes Tecnicas - Coordenadoria de Assistencia Tecnica Integral (Brazil)
_vno. 267
_xISSN 0100-5111
500 _a10 ref.; 22 illus.
650 _aPlanta Medicinal
650 _aMuda
650 _aPlantio
650 _aColheita
650 _aSecagem
909 _a202312
_bLúcia Elande
_c55
_dLúcia Elande
942 _2AGRIS
_n0
_cMS
999 _c291185
_d291185